| 000 | 01074nam a2200301 a 4500 | ||
|---|---|---|---|
| 001 | 58770 | ||
| 003 | BD-RjUL | ||
| 005 | 20211209080645.0 | ||
| 008 | 161219s2001 mau b 001 0 eng | ||
| 020 | _a184064222X | ||
| 035 | _a(BD-RjUL) 58894 | ||
| 040 |
_aDLC _cDLC _dDLC _dBD-RjUL _beng |
||
| 041 | _aeng | ||
| 082 | 0 | 0 |
_a333.91 _223 _bWAT 2001 |
| 245 | 0 | 0 |
_aWater resources and coastal management / _cedited by R. Kerry Turner and Ian J. Bateman. |
| 260 |
_aNorthampton, MA : _bEdward Elgar Pub., _cc2001. |
||
| 300 |
_axxv, 527 p. ; _c25 cm. |
||
| 490 |
_aManaging the environment for sustainable development ; _v3 |
||
| 504 | _aIncludes bibliographical references and index. | ||
| 650 | 0 |
_aCoastal zone management. _9174705 |
|
| 650 | 0 |
_aCoastal engineering _xEnvironmental aspects. _9174706 |
|
| 650 | 0 |
_aWater resources development. _9174707 |
|
| 650 | 0 |
_aShore protection. _9174708 |
|
| 700 | 1 |
_aTurner, R. Kerry. _9171788 |
|
| 700 | 1 |
_aBateman, Ian. _9174709 |
|
| 830 |
_aManaging the environment for sustainable development ; _v3 _9174714 |
||
| 942 |
_2ddc _cBK |
||
| 999 |
_c58770 _d58770 |
||